ANALYTICAL CHEMISTRY IN A GMP ENVIRONMENT : (Registro nro. 54806)
[ vista simple ]
| 000 -LEADER | |
|---|---|
| fixed length control field | 00989nam a2200205 a 4500 |
| 001 - CONTROL NUMBER | |
| control field | 54806 |
| 005 - DATE AND TIME OF LATEST TRANSACTION | |
| control field | 20180714045835.0 |
| 008 - FIXED-LENGTH DATA ELEMENTS--GENERAL INFORMATION | |
| fixed length control field | 140415s2000 000 0 eng d |
| 020 ## - INTERNATIONAL STANDARD BOOK NUMBER | |
| International Standard Book Number | 0471314315 |
| 041 ## - LANGUAGE CODE | |
| Language code of text/sound track or separate title | eng |
| 082 ## - DEWEY DECIMAL CLASSIFICATION NUMBER | |
| Classification number | 543.0812 |
| Item number | ANA |
| 245 00 - TITLE STATEMENT | |
| Title | ANALYTICAL CHEMISTRY IN A GMP ENVIRONMENT : |
| Remainder of title | A PRACTICAL GUIDE |
| 250 ## - EDITION STATEMENT | |
| Edition statement | 1a ed. |
| 260 ## - PUBLICATION, DISTRIBUTION, ETC. | |
| Place of publication, distribution, etc. | [s.l.] : |
| Name of publisher, distributor, etc. | JOHN WILEY AND SONS, INC., |
| Date of publication, distribution, etc. | 2000 |
| 300 ## - PHYSICAL DESCRIPTION | |
| Extent | 488 |
| Dimensions | 16 x 2.4 x 24 |
| 520 ## - SUMMARY, ETC. | |
| Summary, etc. | WITH INCREASED REGULATORY PRESSURES ON THE PHARMACEUTICAL INDUSTRY, THERE IS A GROWING NEED FOR CAPABLE ANALYSTS WHO CAN ENSURE APPROPIATE SCIENTIFIC PRACTICES IN LABORATORIES AND MANUFACTURING SITIES WORLDWIDE. BASED ON JOHNSON AND JOHNSON`S ACCLAIMED IN-HOUSE TRAINING PROGRAM, THIS PRACTICAL GUIDE PROVIDES GUIDANCE FOR MANUFACTURING PRACTICES |
| 650 14 - SUBJECT ADDED ENTRY--TOPICAL TERM | |
| Topical term or geographic name entry element | INDUSTRIA FARMACEUTICA |
| General subdivision | QUIMICA ANALITICA |
| 700 1# - ADDED ENTRY--PERSONAL NAME | |
| Personal name | LAYLOFF, THOMAS P. |
| Relator term | pról. |
| 700 1# - ADDED ENTRY--PERSONAL NAME | |
| Personal name | MILLER, JAMES M. (Ed.) -CROWTHER, JONATHAN B. (Ed.) |
| Relator term | coaut. |
| Withdrawn status | Lost status | Source of classification or shelving scheme | Damaged status | Not for loan | Collection code | Home library | Current library | Shelving location | Date acquired | Source of acquisition | Inventory number | Total Checkouts | Full call number | Barcode | Date last seen | Price effective from | Koha item type | Date last checked out |
|---|---|---|---|---|---|---|---|---|---|---|---|---|---|---|---|---|---|---|
| Dewey Decimal Classification | General | Biblioteca Karol Wojtyla | Biblioteca Karol Wojtyla | Sala general | 03/12/2013 | Compra | 151000000000000000038884 | 543.0812 ANA | 82150 | 05/01/2026 | 03/12/2013 | Libro | ||||||
| Dewey Decimal Classification | General | Biblioteca Karol Wojtyla | Biblioteca Karol Wojtyla | Sala general | 03/12/2013 | Compra | 151000000000000000038882 | 543.0812 ANA | 82148 | 05/01/2026 | 03/12/2013 | Libro | ||||||
| Dewey Decimal Classification | General | Biblioteca Karol Wojtyla | Biblioteca Karol Wojtyla | Sala general | 03/12/2013 | Compra | 151000000000000000038883 | 1 | 543.0812 ANA | 82149 | 05/01/2026 | 03/12/2013 | Libro | 17/09/2019 |